Normal view
MARC view
- Banking Solution
Entry Topical Term
001 - CONTROL NUMBER
- control field: 1398
003 - CONTROL NUMBER IDENTIFIER
- control field: JO-AjAnu
005 - DATE AND TIME OF LATEST TRANSACTION
- control field: 20230606070531.0
008 - FIXED-LENGTH DATA ELEMENTS
- fixed length control field: 230606|| aca||aabn | a|a d
040 ## - CATALOGING SOURCE
- Original cataloging agency: JO-AjAnu
- Transcribing agency: JO-AjAnu
150 ## - HEADING--TOPICAL TERM
- Topical term or geographic name entry element: Banking Solution
670 ## - SOURCE DATA FOUND
- Source citation: Work cat.: (JO-AjAnu)737: Sriram,M.Revathy / Ramanan,P.K / Chandrasekhar,R, author 1397, Core Banking Solution : Evaluation of Security and Controls